| 000 | 00805nam a22002177a 4500 | ||
|---|---|---|---|
| 999 |
_c804 _d804 |
||
| 003 | AR-CdUCM | ||
| 008 | 190225b ||||| |||| 00| 0 spa d | ||
| 020 | _a9786120020890 | ||
| 040 |
_aMUNICIPALIDAD PROVINCIAL DEL CUSCO _cBIBLIOTECA MUNICIPAL DEL CUSCO |
||
| 082 |
_a985.6 / _bH874 |
||
| 100 |
_aHuaman Dorado, Livia _93047 |
||
| 245 | _aAsí es mi tierra Huarán / | ||
| 260 |
_aCusco : _bDannys Graff , _c2015. |
||
| 300 |
_a100 páginas _bfotografías. _c20 cm. |
||
| 505 | _aCaracterísticas geográficas y toponimias de Huarán -- Ubicación geográfica -- Limites -- toponimia -- Lugares toponimias de Huarán -- Clima. | ||
| 650 |
_aUbicación de Huarán. _93048 |
||
| 650 |
_aReseña historica de Huarán. _93049 |
||
| 650 |
_aHuarán. _93050 |
||
| 942 |
_2ddc _cLIBROS |
||
| 945 |
_awfj _d2019-02-25 |
||